LEADER 03114oam 22005654a 450 001 996379045103316 005 20240424225716.0 010 $a90-485-3262-0 024 7 $a10.1515/9789048532629 035 $a(CKB)3710000000978795 035 $a(MiAaPQ)EBC4772322 035 $a(OCoLC)1162989159 035 $a(MdBmJHUP)muse76640 035 $a(DE-B1597)502839 035 $a(OCoLC)967566837 035 $a(DE-B1597)9789048532629 035 $a(oapen)https://directory.doabooks.org/handle/20.500.12854/39632 035 $a(PPN)198384262 035 $a(EXLCZ)993710000000978795 100 $a20160307h20172017 uy 0 101 0 $aeng 135 $aurmn#|||||||| 181 $2rdacontent 182 $2rdamedia 183 $2rdacarrier 200 14$aThe Art of Neighbouring$fedited by Martin Saxer and Juan Zhang 210 $cAmsterdam University Press$d2017 210 1$aAmsterdam :$cAmsterdam University Press,$d[2016] 210 4$d©2017 215 $a1 online resource (269 pages) $cillustrations, maps 225 1 $aAsian borderlands ;$v2 311 $a94-6298-258-9 320 $aIncludes bibliographical references (pages 241-261) and index. 327 $tFrontmatter --$tContents --$tChapters and Locations --$tForeword and Acknowledgements --$tIntroduction /$rZhang, Juan / Saxer, Martin --$tSection 1. Borderworlds --$t1. Bright Lights across the River /$rBillé, Franck --$t2. Realms of Free Trade, Enclaves of Order /$rNyíri, Pál --$t3. New Roads, Old Trades /$rSaxer, Martin --$tSection 2. Neighbouring beyond Proximity --$t4. Trading on Change /$rAlff, Henryk --$t5. A World Community of Neighbours in the Making /$rBulag, Uradyn E. --$t6. The Mobile and the Material in the Himalayan Borderlands /$rHarris, Tina --$tSection 3. Agonistic Intensities --$t7. Odd Neighbours /$rVasantkumar, Chris --$t8. 'China is Paradise' /$rEgreteau, Renaud --$t9. Neighbouring in Anxiety along the China-Vietnam Border /$rZhang, Juan --$t10. China's Animal Neighbours /$rFiskesjö, Magnus --$tAbout the Authors --$tBibliography --$tIndex 330 $aFor the nations on its borders, the rapid rise of China represents an opportunity-but it also brings worry, especially in areas that have long been disputed territories of contact and exchange. This book gathers contributors from a range of disciplines to look at how people in those areas are actively engaging in making relationships across the border, and how those interactions are shaping life in the region-and in the process helping to reconfigure the cultural and political landscape of post-Cold War Asia. 410 0$aAsian borderlands ;$v2. 606 $aBorderlands$zChina 607 $aChina$xForeign relations 610 $aBorders, Asia, China, Anthropology. 615 0$aBorderlands 676 $a327.51 700 $aZhang$b Juan$4edt$01354825 702 $aZhang$b Juan$c(Lecturer in sociology), 702 $aSaxer$b Martin$f1971- 801 0$bMdBmJHUP 801 1$bMdBmJHUP 906 $aBOOK 912 $a996379045103316 996 $aThe Art of Neighbouring$93358395 997 $aUNISA LEADER 03865nam 22008415 450 001 9910483584103321 005 20251226202634.0 024 7 $a10.1007/978-3-540-31638-1 035 $a(CKB)1000000000213142 035 $a(SSID)ssj0000321482 035 $a(PQKBManifestationID)11255093 035 $a(PQKBTitleCode)TC0000321482 035 $a(PQKBWorkID)10279571 035 $a(PQKB)10647534 035 $a(DE-He213)978-3-540-31638-1 035 $a(MiAaPQ)EBC3068305 035 $a(PPN)149015372 035 $a(EXLCZ)991000000000213142 100 $a20100926d2005 u| 0 101 0 $aeng 135 $aurnn|008mamaa 181 $ctxt 182 $cc 183 $acr 200 10$aAudio- and Video-Based Biometric Person Authentication $e5th International Conference, AVBPA 2005, Hilton Rye Town, NY, USA, July 20-22, 2005, Proceedings /$fedited by Takeo Kanade, Anil Jain, Nalini K. Ratha 205 $a1st ed. 2005. 210 1$aBerlin, Heidelberg :$cSpringer Berlin Heidelberg :$cImprint: Springer,$d2005. 215 $a1 online resource (XX, 1134 p.) 225 1 $aImage Processing, Computer Vision, Pattern Recognition, and Graphics,$x3004-9954 ;$v3546 300 $aBibliographic Level Mode of Issuance: Monograph 311 08$a3-540-31638-8 311 08$a3-540-27887-7 320 $aIncludes bibliographical references and index. 327 $aIris -- Face I (Short) -- Finger-I (Short) -- Face-I -- Fingerprint -- Security and Smartcard -- Short Oral -- Short Oral-4 -- Fusion -- Multi-modal -- 50 ? 5:50 Oral-7 (Palm and Finger Surface) -- Speaker and Gait -- Face II -- Poster I -- Poster II. 330 $aThis book constitutes the refereed proceedings of the 5th International Conference on Audio- and Video-Based Biometric Person Authentication, AVBPA 2005, held in Hilton Rye Town, NY, USA, in July 2005. The 66 revised oral papers and 50 revised poster papers presented were carefully reviewed and selected from numerous submissions. The papers discuss all aspects of biometrics including iris, fingerprint, face, palm print, gait, gesture, speaker, and signature; theoretical and algorithmic issues are dealt with as well as systems issues. The industrial side of biometrics is evident from presentations on smart cards, wireless devices, and architectural and implementation aspects. 410 0$aImage Processing, Computer Vision, Pattern Recognition, and Graphics,$x3004-9954 ;$v3546 606 $aPattern recognition systems 606 $aComputer vision 606 $aComputer graphics 606 $aElectronic data processing$xManagement 606 $aComputers and civilization 606 $aComputer networks 606 $aAutomated Pattern Recognition 606 $aComputer Vision 606 $aComputer Graphics 606 $aIT Operations 606 $aComputers and Society 606 $aComputer Communication Networks 615 0$aPattern recognition systems. 615 0$aComputer vision. 615 0$aComputer graphics. 615 0$aElectronic data processing$xManagement. 615 0$aComputers and civilization. 615 0$aComputer networks. 615 14$aAutomated Pattern Recognition. 615 24$aComputer Vision. 615 24$aComputer Graphics. 615 24$aIT Operations. 615 24$aComputers and Society. 615 24$aComputer Communication Networks. 676 $a006.4 701 $aKanade$b Takeo$027531 701 $aJain$b Anil K.$f1948-$08853 701 $aRatha$b Nalini K$g(Nalini Kanta)$01754881 712 02$aInternational Association for Pattern Recognition. 712 12$aAVBPA 2005 801 0$bMiAaPQ 801 1$bMiAaPQ 801 2$bMiAaPQ 906 $aBOOK 912 $a9910483584103321 996 $aAudio- and video-based biometric person authentication$94191391 997 $aUNINA